02331cam a22003255a 45000010009000000050017000090080041000260200018000670200015000850400033001000820024001332450120001572600055002773000034003325040051003665050771004176500047011886500042012356510010012776530022012876550021013097000031013309420008013619990017013699520131013869520122015179520122016399520122017619520122018831591610220171016114623.0090918t2011 maua frb 001 0 eng d a9780763768713 a0763768715 aDNLM/DLCcDLCbengdEG-ScBUE04222a610.730711bINT00aIntegrating technology in nursing education :btools for the knowledge era /cKathleen Garver Mastrian ... [et al.] aSudbury :bJones and Bartlett Publishers,cc.2011. axix, 378 p. :bill. ;c23 cm. aIncludes bibliographical references and index.0 aPreparing nurses for contemporary practice -- The changing healthcare arena -- The changing student : the Net generation -- Changing faculty -- The changing higher education institution -- Overview of learning theories -- Instructional design theories -- The instructional design process -- Instruction media selection -- Copyright/fair use and education -- Variations in learning environments -- Web 1.0, 2.0, 3.0, 4.0., and beyond -- Educational simulations, virtual worlds, and games -- The 3 D's of clinical practice simulation : development, delivery, and debriefing / by Nick Miehl -- Informatics competencies and clinical practice tools -- Technology tools for outcomes assessment -- Knowledge era communities of practice and learning -- Imagining the future. 7aNursingxStudy and teaching.2BUEsh936329 7aEducational technology.2BUEsh939777 2BUEsh bNNURcOctober2017 vText book9337281 aMastrian, Kathleen Garver. 2ddc c25487d25459 00102ddc40708BaccahaMAINbMAINc1STd2017-10-16ePurchaseg1950.00l0o610.730711 INTp000042135r2025-07-15 00:00:00yNB 00102ddc40708BaccahaMAINbMAINc1STd2017-10-16ePurchasel0o610.730711 INTp000042136r2025-10-22 00:00:00yNB 00102ddc40708BaccahaMAINbMAINc1STd2017-10-16ePurchasel0o610.730711 INTp000042137r2025-07-15 00:00:00yBB 00102ddc40708BaccahaMAINbMAINc1STd2017-10-16ePurchasel0o610.730711 INTp000042138r2025-07-15 00:00:00yBB 00102ddc40708BaccahaMAINbMAINc1STd2017-10-16ePurchasel0o610.730711 INTp000042139r2025-07-15 00:00:00yBB